000 01057nam0a22002531 4500
001 rc\3551317
005 20260407144630.0
021 _aRU
_bРг8308-75
021 _aRU
_bОЭ-75-145/3
035 _a(NLR Aleph) 007638263
090 _a6098014
_c6098014
100 _a20130115d1974 |||y0rusy50 ca
101 0 _arus
102 _aRU
105 _ay z |||||
200 1 _aВстречи руководящих работников и научных сотрудников, работающих в области стандартизации твердых полезных ископаемых. 15-19 декабря 1974 г.
_eРекомендации
_eПроект
_fГос. ком. стандартов Совета Министров СССР. ВНИИ стандартизации
210 _aМосква
_cБ. и.
_d1974
215 _a4 с.
_d29
712 0 2 _aВНИИ стандартизации
_3RU\NLR\AUTH\8810020283
_9538563
801 0 _aRU
_bNLR
_gpsbo
801 1 _aRU
_bELAR
_2rusmarc
852 _aNLR
_j75-8/236
942 _cBOOK
980 _aNB